| 000 | 00534nam a22001697a 4500 | ||
|---|---|---|---|
| 003 | BD-DhUL | ||
| 005 | 20170419162804.0 | ||
| 008 | 170419s1963 enk |||| |||| 00| 0 eng d | ||
| 040 |
_aBD-DhUL _cBD-DhUL |
||
| 082 |
_a341.2 _bUNS |
||
| 110 | 1 | _aUnited Nations. | |
| 245 | 1 | 0 |
_aStatistics of treaties and international agreements : _bregistred or filed and recorded with the secreariat during January 1963 / |
| 260 |
_aNew York : _bUnitied Nations, _c1963. |
||
| 300 |
_a23 p. ; _c28 cm. |
||
| 650 | 0 | _aAgreements. | |
| 942 |
_2ddc _cREF |
||
| 999 |
_c188546 _d188546 |
||